000 00464nam a2200157 i 4500
001 63152
003 ES-MaACL
005 20230906164809.0
007 t|
008 031201s1960 sp ||||1| spa d
100 1 _aFernández Salcedo, Luis.
_950061
245 1 0 _aCuentos del viejo mayoral
_b: . (Segunda parte) /
_cLuis Fernández Salcedo.
260 _aMadrid :
_b[s.n.,
_c1960] (
_fUguina)
300 _a255 p. ;
_c18 cm.
852 _aES-MaACL
_jC-18816
_bR.46750
999 _c63152
_d63152